El Abastecimiento de agua a Segovia : la verdad sobre el embalse Vado de la Reina la verdad sobre el embalse Vado de la Reina
Publicado:
Segovia :
Cámaras Oficiales de Comercio e Industria, Propiedad Urbana y Sindical Agraria : Consejos Provinciales de Empresarios y Técnicos : Asociación Federada de Amas de Casa : Club Cultural Studio ,
1977
Descripción Física:
48 p. ; 21 cm
Materias:
Aqüeductes -- Segòvia
MARC
| LEADER | 00000nam a2200000Ia 4500 | ||
|---|---|---|---|
| 001 | 22575 | ||
| 008 | 160829s1977 xx 000 0 cat d | ||
| 080 | |a FU-56-23 | ||
| 245 | |a El Abastecimiento de agua a Segovia : |b la verdad sobre el embalse Vado de la Reina | ||
| 260 | |a Segovia : |b Cámaras Oficiales de Comercio e Industria, Propiedad Urbana y Sindical Agraria : |b Consejos Provinciales de Empresarios y Técnicos : |b Asociación Federada de Amas de Casa : |b Club Cultural Studio, |c 1977 | ||
| 300 | |a 48 p. ; |c 21 cm | ||
| 590 | |a Prové de E-120 | ||
| 650 | |a Aqüeductes |x Segòvia |9 47513 | ||
| 901 | |a Arxiu | ||
| 942 | |n 1 | ||
| 952 | |0 0 |1 0 |4 0 |6 FU5623 |7 1 |9 53927 |a Arxiu |b Arxiu |d 2016-12-01 |l 0 |o FU-56-23 |p 22575 |r 2016-12-01 00:00:00 |w 2016-12-01 |y ARXIU | ||
| 999 | |c 57794 |d 57794 | ||